| 000 | 00000nam##2200000za#4500 |
| 001 | 9.656340 |
| 003 | CaOODSP |
| 005 | 20241125140539 |
| 007 | ta |
| 008 | 150407|1994||||xxc||||| f|0| 0 fre|d |
| 020 | |a0-662-60275-7 |
| 040 | |aCaOODSP|bfre |
| 041 | |aeng |
| 041 | |afre |
| 043 | |an-cn--- |
| 086 | 1 |aE2-136/1994 |
| 110 | 1 |aCanada. |bAffaires étrangères et commerce international Canada. |
| 245 | 10|aRapport du Canada à la Commission du développement durable des Nations Unies |
| 260 | |aOttawa - Ontario : |bAffaires étrangères et Commerce international |c1994. |
| 300 | |aTexte français, 72p. : |bcarte ; |c28 cm. |
| 500 | |aSommaire: Résumé.--Introduction.--Tendances générales en matière de mise en oeuvre d'action 21.--Questions intersectorielles: Coopération internationale; Changement des modes de consommation; Ressources et mécanismes financiers; Transfert de technologies, coopération et développement des capacités.--Questions sectorielles: Protection et promotion de la santé; Promotion du développement durable sur le plan des établissements humains; Maintien des ressources en eau douce et de leur qualité; Gestion, dans le respect de l'environnement, des substances chimiques toxiques, des déchets dangereux, des déchets solides et des questions relatives aux eaux usées, ainsi que des déchets radioactifs.--Conclusion.--Annexe.--Glossaire. |
| 546 | |aBilingue |
| 563 | |aCouverture souple |
| 590 | |a94-10|b1994-03-11 |
| 691 | 07|aGestion de l'environnement|2gcpds |
| 776 | 0#|tRapport du Canada à la Commission du développement durable des Nations Unies.|w(CaOODSP)9.945538 |
| 791 | |tReport of Canada to the United Nations Commission on Sustainable Development |eeng|w(CaOODSP)9.656339 |